00788nam a2200241Ia 4500003000900000008004100009040001300050040001300063041000800076100002600084245003300110250001000143260002100153260000900174300001100183300001000194490001300204490000700217600011600224942000700340999001700347952018200364IT-RoPAU120407s9999 xx 000 0 und d aIT-RoPAU cIT-RoPAU aita aAlonso Luis Schòkel aPedagogia della comprensione aRoma  aEdizioni Paoline c1968 a256 p. c18 cm aUniversa v35 a"Tit. orig.: Pedagogia de la comprensiòn. Trad. A. Miggiano 1. - Pedagogia cristiana I - Miggiano Agostino" cBK c30600d30600 00102ddc406040_73500000000000071aPAULUSbPAULUSd2012-04-11l0o040.735r2012-04-11 00:00:00w2012-04-11yBKzInserito da: In data: n.d. fondo: Via A.Severo 56 Progr:28649